000 00482nam a2200181Ia 4500
005 20250326141708.0
008 250326s9999 xx 000 0 und d
037 _aTextbook
040 _aFMSL
_beng
_cFMSL
041 _aeng
_2eng
084 _qFMSL
100 _aTandon B C
245 0 _aManagement of public enterprises in India
_cTandon B C
260 _aAllahabad
_bAllahabad, Chaitanya Pub. House
_c1987
300 _a285p
942 _cTB
999 _c1291537
_d1291537